Electronic properties (Record no. 16117)

000 -LEADER
fixed length control field 00629nam a22002417a 4500
001 - CONTROL NUMBER
control field 16117
003 - CONTROL NUMBER IDENTIFIER
control field BD-DhUET
008 - FIXED-LENGTH DATA ELEMENTS--GENERAL INFORMATION
fixed length control field 150318b xxu||||| |||| 00| 0 eng d
040 ## - CATALOGING SOURCE
Original cataloging agency DLC
Transcribing agency DLC
Modifying agency BD-DhUET
082 ## - DEWEY DECIMAL CLASSIFICATION NUMBER
Classification number 537
Item number ROS/1966
100 ## - MAIN ENTRY--PERSONAL NAME
Personal name Rose, Robert M.
245 ## - TITLE STATEMENT
Title Electronic properties
250 ## - EDITION STATEMENT
Edition statement 1st ed.
260 ## - PUBLICATION, DISTRIBUTION, ETC. (IMPRINT)
Place of publication, distribution, etc. New York
Name of publisher, distributor, etc. John Wiley & Sons
Date of publication, distribution, etc. 1966
300 ## - PHYSICAL DESCRIPTION
Extent x, 306 p.
Other physical details ill.
490 ## - SERIES STATEMENT
Series statement Structure and properties of materials
500 ## - GENERAL NOTE
General note Volume - IV
504 ## - BIBLIOGRAPHY, ETC. NOTE
Bibliography, etc Includes bibliographies
650 #0 - SUBJECT ADDED ENTRY--TOPICAL TERM
Topical term or geographic name as entry element Matter-Properties
700 ## - ADDED ENTRY--PERSONAL NAME
Personal name Shepard, Lawrence A.
700 ## - ADDED ENTRY--PERSONAL NAME
Personal name Wullf, John
942 ## - ADDED ENTRY ELEMENTS (KOHA)
Koha item type General Book
Holdings
Koha date last borrowed Piece designation (barcode) Koha issues (times borrowed) Not for loan Damaged status Koha normalized classification for sorting Price effective from Lost status Copy number Sublocation or collection (holding branch) Date acquired Koha full call number Koha item type Source of classification or shelving scheme Koha date last seen Withdrawn status Location (home branch) Shelving location
 35790   537_000000000000000_ROS_19662015-03-18 1Central Library, BUET2015-03-18537/ROS/1966General Book 2015-03-18 Central Library, BUETCirculation section
 35789   537_000000000000000_ROS_19662015-03-18 2Central Library, BUET2015-03-18537/ROS/1966General Book 2015-03-18 Central Library, BUETCirculation section
 35242   537_000000000000000_ROS_19662015-03-18 3Central Library, BUET2015-03-18537/ROS/1966General Book 2015-03-18 Central Library, BUETCirculation section
2022-06-1535786 1  537_000000000000000_ROS_19662015-03-19 5Central Library, BUET2015-03-19537/ROS/1966General Book 2022-06-22 Central Library, BUETCirculation section
 21013   537_000000000000000_ROS_19662015-03-19 6Central Library, BUET2015-03-19537/ROS/1966General Book 2015-03-19 Central Library, BUETCirculation section
 35788   537_000000000000000_ROS_19662015-04-30 7Central Library, BUET2015-04-30537/ROS/1966General Book 2015-04-30 Central Library, BUETCirculation section